Statistiken für Straßen und Plätze in Eschwege (Innenstadt)

Klicken Sie hier um das Quiz zu spielen!

Allgemein

  • Dieses Quiz wurde 8 mal gespielt
  • Das Durchschnittsergebnis liegt bei 34 aus 56

Antworten auf der Karte

Die Antworten werden auf der Karte rot bzw. grün angezeigt, abhängig davon wie oft sie richtig erraten wurden.
 

Antwortstatistiken

GroupAntwort% Korrekt
PlätzeMarktplatz
100%
StraßenAm Plan
75%
StraßenBäckergasse
75%
StraßenBlauer Steinweg
75%
StraßenBrühl
75%
StraßenEnge Gasse
75%
StraßenForstgasse
75%
StraßenHerrengasse
75%
StraßenHinter den Scheuern
75%
PlätzeHospitalplatz
75%
StraßenLeimentor
75%
StraßenMarktstraße
75%
StraßenNelkengasse
75%
StraßenNetergasse
75%
StraßenNeustadt
75%
PlätzeNeustädter Kirchplatz
75%
PlätzeObermarkt
75%
StraßenPommerntor
75%
StraßenRosengasse
75%
PlätzeSchlossplatz
75%
StraßenStad
75%
StraßenTöpfergasse
75%
StraßenUnter dem Berge
75%
StraßenVor dem Berge
75%
StraßenWiesenstraße
75%
StraßenAlter Steinweg
50%
StraßenAm Brauhaus
50%
StraßenAm Mühlgraben
50%
StraßenAn den Anlagen
50%
StraßenBei der Marktkirche
50%
StraßenBerggasse
50%
StraßenBreite Straße
50%
StraßenBrunnengasse
50%
PlätzeBrunnenplatz
50%
StraßenFriedenstraße
50%
StraßenGebrüderstraße
50%
StraßenHinter der Mauer
50%
StraßenHospitalstraße
50%
StraßenHumboldtstraße
50%
StraßenKirchgasse
50%
StraßenKlosterstraße
50%
StraßenKniegasse
50%
StraßenMauerstraße
50%
StraßenMittelgasse
50%
StraßenNeuer Steinweg
50%
PlätzeNikolaiplatz
50%
StraßenOtti-Werner-Straße
50%
StraßenSchildgasse
50%
StraßenSchulstraße
50%
PlätzeSophienplatz
50%
StraßenSperlingsgasse
50%
StraßenWallgasse
50%
StraßenWendische Mark
50%
StraßenWerragasse
50%
StraßenGrüner Weg
25%
StraßenNikolaigasse
25%

Verteilung der Resultate

Perzentil nach korrekt beantworteten Fragen

Anzahl Personen mit jedem Resultat

Ihre Resultats-Entwicklung

Sie haben dieses Quiz noch nicht gespielt